ბათუმის შოთა რუსთაველის სახელმწიფო უნივერსიტეტის ბიბლიოთეკა

One foot in the grave. (ბიბ.ჩანაწერი № 44807)

000 -LEADER
fixed length control field 00520nam a2200217Ia 4500
001 - CONTROL NUMBER
control field 11612
003 - CONTROL NUMBER IDENTIFIER
control field GE_BSU
008 - FIXED-LENGTH DATA ELEMENTS--GENERAL INFORMATION
fixed length control field 181216s||||||||xx |||||||||||||| ||und||
020 ## - INTERNATIONAL STANDARD BOOK NUMBER
International Standard Book Number 9780061245091
040 ## - CATALOGING SOURCE
Transcribing agency GE_BSU
080 ## - UNIVERSAL DECIMAL CLASSIFICATION NUMBER
Universal Decimal Classification number 821.111-312
100 ## - MAIN ENTRY--PERSONAL NAME
Personal name Frost,Jeaniene.
245 ## - TITLE STATEMENT
Title One foot in the grave.
245 #2 - TITLE STATEMENT
Remainder of title A night Huntress.
260 ## - PUBLICATION, DISTRIBUTION, ETC.
Place of publication, distribution, etc. New york
260 ## - PUBLICATION, DISTRIBUTION, ETC.
Name of publisher, distributor, etc. An imprint of harper collins publishers.
260 ## - PUBLICATION, DISTRIBUTION, ETC.
Date of publication, distribution, etc. 2008.
300 ## - PHYSICAL DESCRIPTION
Extent 374p;17cm.
653 ## - INDEX TERM--UNCONTROLLED
Uncontrolled term One foot in the grave.
942 ## - ADDED ENTRY ELEMENTS (KOHA)
Koha item type წიგნი
ეგზემპლარები
Withdrawn status Lost status Damaged status Not for loan Date acquired Barcode Date last seen Price effective from Koha item type
        2018-12-17 35483 2018-12-17 2018-12-17 წიგნი